000 00499nam a22001697a 4500
005 20260305123611.0
008 260305b |||||||| |||| 00| 0 eng d
020 _a978-1-4200-6325-7
050 _aQA 76.6 .M43 2008
100 _aMEDUNA,ALEXANDER.
245 _aELEMENTS OF COMPILER DESIGN
260 _aLLC
_bTAYLOR AND FRANCIS GROUP
_c2008
300 _axiii,276p.ill.
500 _aINCLUDES BIBLIOGRAPHICAL REFERENCES AND INDEX
650 _aCOMPILER (COMPUTER PROGRAMS)
942 _2lcc
_cBK
999 _c216784
_d216784